000 00322nam a2200133Ia 4500
008 151213s9999 xx 000 0 und d
100 _aC.P. Snow
245 _aThe Light & The Dark
_cC.P. Snow
260 _aLondon
_bPenguing Books
_c1947
300 _a4601 p.
650 _aReference
700 _aC.P. Snow
999 _c2959
_d2959